000 00508nam a2200169 i 4500
001 58413
003 ES-MaACL
005 20230906163813.0
007 t|
008 031022s1903 fr ||||1| fre d
100 1 _aDugard, M.
_945924
245 1 0 _aDe la formation des maitres de l'enseignement secondaire a l'etranger et en France /
_cM. Dugard.
250 _a2eme ed.
260 _aParis :
_b[s.n.,
_c1903] (
_eCoulommiers :
_fPaul Brodard)
300 _aX, 242 p. ;
_c18 cm.
852 _aES-MaACL
_jF-9292
999 _c58413
_d58413